000 00314nam a22001457a 4500
008 221108b ||||| |||| 00| 0 eng d
020 _a9780130504050
041 _aeng
080 _a82
082 _a82 HAL
100 _a38.1
101 _aLITE
245 _aAUTHORS IN DEPTH
_cHALL PRENTICE
942 _2udc
_cBK
999 _c58795
_d58795